=LDR 00000nam 2200000 4500 =001 NUTBA000000000006302 =005 20141201140709.0 =006 =007 =008 =020 ##$$a 978.979.29.3039-9 =035 ##$$a 0010-121400000000026 =040 ##$$a NBPDMAT =082 ##$$a 617.968 2 =090 ##$$a 617.968 2$bWen t =100 ##$$a Wenny Artanti Nisman =245 ##$$a Ternya melahirkan mudah dan menyenangkan$cWenny QArtanti Nisman; Westiningsih =260 ##$$a Yogyakarta$bAndi$c2011 =300 ##$$a x, 83 hlm$c18 cm =650 ##$$a Kebidanan =700 ##$$a Westriningsih =850 ##$$a NBPDMAT